Normal view
MARC view
Entry Personal Name
001 - CONTROL NUMBER
- control field: 12923
003 - CONTROL NUMBER IDENTIFIER
- control field: OSt
005 - DATE AND TIME OF LATEST TRANSACTION
- control field: 20190904154936.0
008 - FIXED-LENGTH DATA ELEMENTS
- fixed length control field: 190904|| aca||aabn | a|a d
040 ## - CATALOGING SOURCE
- Original cataloging agency: OSt
- Transcribing agency: OSt
100 ## - HEADING--PERSONAL NAME
- Personal name: Brezonik, Patrick L.; Arnold, William A.
670 ## - SOURCE DATA FOUND
- Source citation: Work cat.: (OSt): Brezonik, Patrick L.; Arnold, William A., Water Chemistry: an introduction to the chemistry of natural and engineering aquatic systems, 2011
